[Event "Prva liga centralne Srbije 2013"]
[Site "Kragujevac"]
[Date "2013.09.17"]
[Round "5.6"]
[White "Tomic, Bosko"]
[Black "Markovic, Zoran S"]
[Result "1/2-1/2"]
[WhiteElo "2447"]
[BlackElo "2363"]
[PlyCount "120"]
[EventDate "2013.09.14"]

1. e4 c5 2. Nf3 Nc6 3. Nc3 Nf6 4. d4 cxd4 5. Nxd4 e5 6. Ndb5 d6 7. Bg5 a6 8.
Bxf6 gxf6 9. Na3 b5 10. Nd5 f5 11. Bd3 Be6 12. O-O Bxd5 13. exd5 Ne7 14. Re1
Bg7 15. c3 O-O 16. Qh5 e4 17. Bf1 Rc8 18. Nc2 Rc5 19. Ne3 Qd7 20. g3 f4 21. Bh3
f5 22. gxf4 Rf6 23. Kh1 Rc8 24. Rg1 Rcf8 25. Rg5 Kh8 26. Rag1 Bh6 27. Bxf5 Nxf5
28. Rxf5 Bxf4 29. Rxf6 Rxf6 30. Qh4 Qf7 31. Qg4 h6 32. c4 Be5 33. Rg2 Rxf2 34.
cxb5 axb5 35. Qxe4 Rf4 36. Qd3 Bd4 37. Rg3 Bxe3 38. Rxe3 Rf1+ 39. Kg2 Rf2+ 40.
Kg1 Rf5 41. Qxb5 Rg5+ 42. Rg3 Rxd5 43. Qb8+ Kh7 44. Qb3 Qa7+ 45. Kh1 Rg5 46.
Qd3+ Kg7 47. Qd5 Rxg3 48. hxg3 Qf2 49. a4 Qf1+ 50. Kh2 Qe2+ 51. Kh3 Qf1+ 52.
Kh4 Qf6+ 53. Kg4 Qxb2 54. Qxd6 Qe2+ 55. Kf4 Qc4+ 56. Kf5 Qc2+ 57. Ke6 Qxa4 58.
Qe7+ Kg8 59. Kf6 Qc6+ 60. Kf5 Qf3+ 1/2-1/2

[Event "Prva liga centralne Srbije 2013"]
[Site "Kragujevac"]
[Date "2013.09.17"]
[Round "5.6"]
[White "Nestorovic, Dejan"]
[Black "Dimitrijevic, Srdjan"]
[Result "1/2-1/2"]
[WhiteElo "2437"]
[BlackElo "2307"]
[PlyCount "146"]
[EventDate "2013.09.14"]

1. d4 d5 2. c4 c6 3. Nf3 Nf6 4. Nc3 a6 5. h3 e6 6. cxd5 cxd5 7. Bf4 Nc6 8. e3
Bd6 9. Bxd6 Qxd6 10. Bd3 b5 11. O-O O-O 12. Nd2 e5 13. dxe5 Nxe5 14. Nf3 b4 15.
Na4 Nxf3+ 16. Qxf3 Bd7 17. b3 Bxa4 18. bxa4 Rac8 19. Qe2 a5 20. Bc2 Qe5 21. Bb3
d4 22. Qb2 Rc3 23. exd4 Qxd4 24. Rad1 Qc5 25. Rfe1 Rc8 26. Qd2 g6 27. Qf4 Kg7
28. Rd6 Qf5 29. Qxf5 gxf5 30. Ra6 R3c5 31. Re7 Rf8 32. Rea7 Ne4 33. Rxa5 Rc1+
34. Kh2 Nd2 35. g4 fxg4 36. Rg5+ Kf6 37. Rxg4 Nxb3 38. axb3 Rb8 39. Rf4+ Ke5
40. Raxf7 Rc3 41. R7f5+ Ke6 42. Rf3 Rxb3 43. Rf6+ Ke5 44. R3f5+ Kd4 45. a5 Ra3
46. Rd6+ Kc4 47. Rc6+ Kb3 48. Re5 Ra2 49. a6 Rxf2+ 50. Kg3 Rc2 51. Rxc2 Kxc2
52. a7 Rg8+ 53. Kh4 b3 54. Rc5+ Kb2 55. Kh5 Ra8 56. Ra5 Kc3 57. Ra6 Kb4 58.
Rb6+ Kc4 59. Rb7 Kc3 60. Kh6 b2 61. Rc7+ Kd3 62. Rb7 Kc2 63. Rc7+ Kb3 64. Rb7+
Ka2 65. Kxh7 b1=Q+ 66. Rxb1 Kxb1 67. h4 Kc2 68. h5 Kd3 69. h6 Ke4 70. Kg6 Ke5
71. h7 Ke6 72. Kg7 Rxa7+ 73. Kg8 Rxh7 1/2-1/2

[Event "Prva liga centralne Srbije 2013"]
[Site "Kragujevac"]
[Date "2013.09.17"]
[Round "5.6"]
[White "Jovic, Stanoje"]
[Black "Milenkovic, Mladen"]
[Result "1/2-1/2"]
[WhiteElo "2328"]
[BlackElo "2381"]
[PlyCount "117"]
[EventDate "2013.09.14"]

1. c4 c5 2. Nf3 b6 3. g3 Bb7 4. Bg2 g6 5. O-O Bg7 6. Nc3 Nf6 7. d3 O-O 8. Bd2
Nc6 9. Qc1 d5 10. Nxd5 Nxd5 11. cxd5 Qxd5 12. Bc3 Nd4 13. Bxd4 Bxd4 14. Nh4 Qd7
15. Bxb7 Qxb7 16. Rb1 Rac8 17. Nf3 Bg7 18. a4 a6 19. Qf4 b5 20. axb5 axb5 21.
Rfc1 Qd5 22. b4 e5 23. Qh4 c4 24. dxc4 Rxc4 25. Rxc4 bxc4 26. b5 c3 27. Ne1 e4
28. b6 Rb8 29. Qe7 Qb7 30. Qxb7 Rxb7 31. Nc2 f5 32. Kg2 Kf7 33. f3 exf3+ 34.
Kxf3 Ke6 35. Ke3 Kd5 36. Kd3 Kc6 37. Nd4+ Bxd4 38. Kxd4 Rxb6 39. Rxb6+ Kxb6 40.
Kxc3 Kc5 41. Kd3 Kd5 42. Ke3 Ke5 43. Kf3 g5 44. h3 h5 45. Ke3 g4 46. hxg4 hxg4
47. Kf2 Ke4 48. Kf1 Ke5 49. Kf2 Kd4 50. Kf1 Kc3 51. Kf2 Kd2 52. Kf1 Ke3 53. Ke1
Kd4 54. Kf2 Ke4 55. Kf1 f4 56. gxf4 Kxf4 57. Kg2 Ke3 58. Kg3 Kxe2 59. Kxg4
1/2-1/2

[Event "Prva liga centralne Srbije 2013"]
[Site "Kragujevac"]
[Date "2013.09.17"]
[Round "5.6"]
[White "Dudukovic, Nikola"]
[Black "Zivkovic, Nemanja"]
[Result "1/2-1/2"]
[WhiteElo "2352"]
[BlackElo "2274"]
[PlyCount "110"]
[EventDate "2013.09.14"]

1. Nf3 Nf6 2. g3 g6 3. Bg2 Bg7 4. O-O O-O 5. c4 c6 6. d4 d5 7. cxd5 cxd5 8. Nc3
Nc6 9. Ne5 Be6 10. Nxc6 bxc6 11. Na4 Ne4 12. Bf4 Qa5 13. Rc1 Qb4 14. a3 Qxd4
15. Qxd4 Bxd4 16. Bxe4 dxe4 17. Be3 Bxe3 18. fxe3 Bd5 19. Rc5 Rfb8 20. b4 Rb5
21. Rfc1 e6 22. Kf2 Kg7 23. Ke1 Kf6 24. Kd2 Ke5 25. Nb2 Kd6 26. Nc4+ Ke7 27.
Na5 Rxc5 28. Rxc5 Kd6 29. Kc3 f5 30. Nb7+ Kc7 31. Na5 Kd6 32. Nb7+ Kc7 33. Na5
Rb8 34. a4 Kd6 35. Nc4+ Bxc4 36. Kxc4 g5 37. Ra5 Rb7 38. Ra6 e5 39. b5 Rc7 40.
a5 h5 41. Kb4 f4 42. exf4 exf4 43. gxf4 gxf4 44. Kc4 f3 45. exf3 exf3 46. Kd3
Kc5 47. b6 axb6 48. axb6 Rf7 49. Ra7 Rf8 50. b7 f2 51. Ra5+ Kb6 52. Rf5 Rd8+
53. Kc4 Kxb7 54. Rxf2 Rg8 55. Rf5 Rg4+ 1/2-1/2

[Event "Prva liga centralne Srbije 2013"]
[Site "Kragujevac"]
[Date "2013.09.17"]
[Round "5.6"]
[White "Stankovic, Ivan G"]
[Black "Organdziev, Oliver"]
[Result "0-1"]
[WhiteElo "2238"]
[BlackElo "2308"]
[PlyCount "110"]
[EventDate "2013.09.14"]

1. d4 d5 2. Nf3 Bf5 3. e3 e6 4. Bd3 Bxd3 5. Qxd3 c6 6. O-O Nd7 7. c4 Ngf6 8.
Nc3 Bb4 9. b3 O-O 10. Bb2 a5 11. Na4 Bd6 12. Nc3 Bb4 13. Na4 Be7 14. Nc3 Qb6
15. e4 dxe4 16. Nxe4 Rfd8 17. Rad1 a4 18. Nxf6+ Bxf6 19. Qc2 axb3 20. axb3 Nf8
21. Bc3 Ng6 22. g3 Ra3 23. Rb1 Ne7 24. Qb2 Raa8 25. Ra1 h5 26. b4 Nf5 27. Rxa8
Rxa8 28. Rd1 Rd8 29. d5 Bxc3 30. Qxc3 cxd5 31. cxd5 exd5 32. Qe5 Qe6 33. Qf4
Qe2 34. Rd2 Qe6 35. Nd4 Qe1+ 36. Kg2 Qe4+ 37. Qxe4 dxe4 38. Nb3 Rxd2 39. Nxd2
Nd6 40. Kf1 f5 41. Ke2 Kf7 42. Ke3 Nb5 43. Nc4 Ke6 44. Na5 Nd6 45. Kd4 g5 46.
Nb3 b6 47. Nd2 Nb5+ 48. Kc4 Nc7 49. Kd4 Nd5 50. Nc4 Nxb4 51. Nxb6 Nc2+ 52. Kc3
Ne1 53. Nc4 Nf3 54. h3 f4 55. Nb6 e3 0-1

[Event "Prva liga centralne Srbije 2013"]
[Site "Kragujevac"]
[Date "2013.09.17"]
[Round "5.6"]
[White "Prelevic, Dusko"]
[Black "Krstic, Ranko"]
[Result "1/2-1/2"]
[WhiteElo "2312"]
[BlackElo "2203"]
[PlyCount "40"]
[EventDate "2013.09.14"]

1. e4 c6 2. d4 g6 3. Nc3 Bg7 4. Be3 d6 5. f4 Nf6 6. Nf3 O-O 7. h3 Qb6 8. Qd2
Qxb2 9. Rb1 Qa3 10. Bd3 Nbd7 11. O-O Qa5 12. e5 Ne8 13. Ng5 e6 14. Qe1 Qd8 15.
Nce4 d5 16. Nf2 h6 17. Nf3 Nb6 18. Ng4 Nc4 19. Bc1 b5 20. Bxc4 dxc4 1/2-1/2

[Event "Prva liga centralne Srbije 2013"]
[Site "Kragujevac"]
[Date "2013.09.17"]
[Round "5.5"]
[White "Atalik, Suat"]
[Black "Cabrilo, Goran"]
[Result "1-0"]
[WhiteElo "2566"]
[BlackElo "2388"]
[PlyCount "28"]
[EventDate "2013.09.14"]

1. d4 d6 2. Nf3 Bg4 3. c4 Nd7 4. e4 g6 5. Be2 Bg7 6. Nc3 c5 7. d5 Ngf6 8. a4 a6
9. Ra3 Qc7 10. h3 Bxf3 11. Bxf3 h5 12. g3 e6 13. O-O exd5 14. exd5 O-O 1-0